| 000 | 00682nam a2200289Ia 4500 | ||
|---|---|---|---|
| 005 | 20260324144407.0 | ||
| 008 | 008 260324s9999 xx 000 0 eng d | ||
| 020 | _a9781315493930 | ||
| 037 | _aEBOOK | ||
| 040 | _aCRL | ||
| 040 | _beng | ||
| 040 | _cCRL | ||
| 041 | _2eng | ||
| 041 | _aeng | ||
| 084 | _qCRL | ||
| 100 |
_aSteven M. Goldstein; Kathleen Hartford _91219157 |
||
| 245 | 0 | _aSingle Sparks | |
| 245 | 0 | _bChina's Rural Revolutions | |
| 260 | _bTaylor and Francis | ||
| 260 | _c1988 | ||
| 365 | _a | ||
| 365 | _b280 | ||
| 856 | _uhttp://www.taylorfrancis.com/books/9781315493930 | ||
| 942 | _cEBOOK | ||
| 999 |
_c1825717 _d1825717 |
||